000 00684nam a2200289Ia 4500
005 20260324134002.0
008 008 260324s9999 xx 000 0 eng d
020 _a9781315700557
037 _aEBOOK
040 _aCRL
040 _beng
040 _cCRL
041 _2eng
041 _aeng
084 _qCRL
100 _aJoseph J. Persky; Wim Wiewel
_91195138
245 0 _aSuburban Sprawl
245 0 _bPrivate Decisions and Public Policy
260 _bTaylor and Francis
260 _c2002
365 _a
365 _b230
856 _uhttp://www.taylorfrancis.com/books/9781315700557
942 _cEBOOK
999 _c1794739
_d1794739